[Event "Rostock  PSV op 05th"]
[Site "Rostock"]
[Date "2005.08.27"]
[Round "6"]
[White "Loeke, Patrick"]
[Black "Raitza, Egon"]
[Result "0-1"]
[WhiteElo "1690"]
[BlackElo "1890"]
[PlyCount "80"]
[EventDate "2005.08.25"]
[EventType "swiss"]
[EventRounds "7"]
[EventCountry "GER"]
[SourceTitle "EXT 2007"]
[Source "ChessBase"]
[SourceDate "2006.11.23"]
[SourceVersion "1"]
[SourceVersionDate "2006.11.23"]
[SourceQuality "1"]

1. e4 e6 2. d4 d5 3. Nc3 Bb4 4. e5 c5 5. Bd2 cxd4 6. Nb5 Bxd2+ 7. Qxd2 Nc6 8. Nf3 Nge7 9. Nd6+ Kf8 10. Qf4 Nf5 11. Nxf5 exf5 12. Nxd4 Qa5+ 13. c3 Nxd4 14. Qxd4 Be6 15. Bd3 Rd8 16. 0-0 g5 17. f4 g4 18. a3 a6 19. Rfe1 h5 20. Bxf5 Bxf5 21. e6 Ke7 22. exf7+ Kxf7 23. Qe5 Qb6+ 24. Kh1 Qf6 25. Qc7+ Rd7 26. Qc5 Rhd8 27. Re5 Kg6 28. Rae1 Qd6 29. Qf2 Qf6 30. h3 d4 31. cxd4 Rxd4 32. Re7 R4d7 33. R7e5 Rd2 34. Qc5 gxh3 35. Rxf5 Qxf5 36. Qe7 Rf8 37. Re6+ Rf6 38. Qe8+ Kg7 39. Rxf6 hxg2+ 40. Kh2 g1Q+ 0-1

[Event "Rostock  PSV op 04th"]
[Site "Rostock"]
[Date "2004.08.28"]
[Round "6"]
[White "Micheel, Peter"]
[Black "Loeke, Patrick"]
[Result "1/2-1/2"]
[WhiteElo "1844"]
[BlackElo "1666"]
[PlyCount "87"]
[EventDate "2004.08.26"]
[EventType "swiss"]
[EventRounds "7"]
[EventCountry "GER"]
[SourceTitle "EXT 2007"]
[Source "ChessBase"]
[SourceDate "2006.11.23"]
[SourceVersion "1"]
[SourceVersionDate "2006.11.23"]
[SourceQuality "1"]

1. e4 c5 2. c3 Nf6 3. e5 Nd5 4. Nf3 d6 5. exd6 exd6 6. d4 Be7 7. Bc4 Nb6 8. Bb3 0-0 9. 0-0 Nc6 10. Bf4 Bf5 11. d5 Na5 12. Bc2 Bxc2 13. Qxc2 Nxd5 14. Bg3 Nf6 15. Nbd2 Nh5 16. Rad1 Nxg3 17. hxg3 Qc7 18. Ne4 Rad8 19. Neg5 Bxg5 20. Nxg5 g6 21. f4 Nc4 22. Rfe1 Rfe8 23. Rxe8+ Rxe8 24. Qb3 h6 25. Qxc4 hxg5 26. Qd5 gxf4 27. gxf4 Re6 28. f5 gxf5 29. Qxf5 Qe7 30. Qg4+ Kf8 31. Qh3 Re1+ 32. Rxe1 Qxe1+ 33. Kh2 Qe5+ 34. Kh1 f5 35. Qh6+ Ke8 36. Qh7 Qe4 37. Kh2 Kd8 38. Kh3 Kc8 39. Qh6 Kc7 40. Qd2 f4 41. Qf2 Qf5+ 42. Kh4 b6 43. Qe2 Qe5 44. Qf3 1/2-1/2